Getting to big the small way

Bibliographic Details
Main Author: Prestipino, Frank
Format: Book
Published: New York : McGraw-Hill , 2008
Subjects:

MARC

LEADER 00000cam a2200000 7i4500
001 0000119077
005 20080819.0
020 |a 9780071484404 
090 0 0 |a 658.406   |b PRE 
100 1 |a Prestipino, Frank 
245 1 0 |a Getting to big the small way   |c Frank Prestipino 
260 |a New York :   |b McGraw-Hill ,   |c 2008 
300 |a 322P. ;   |c 24cm. 
650 0 0 |a Organizational change 
650 0 0 |a Organizational effectiveness 
999 |a 00213422   |b BUKU   |c PINJAMAN   |e PERPUSTAKAAN KOMUNITI PETALING JAYA